<?xml version="1.0" encoding="UTF-8"?>
<record
    xmlns:xsi="http://www.w3.org/2001/XMLSchema-instance"
    xsi:schemaLocation="http://www.loc.gov/MARC21/slim http://www.loc.gov/standards/marcxml/schema/MARC21slim.xsd"
    xmlns="http://www.loc.gov/MARC21/slim">

  <leader>01665nam a22002897a 4500</leader>
  <controlfield tag="001">3843</controlfield>
  <controlfield tag="003">FISKH</controlfield>
  <controlfield tag="005">20240516114122.0</controlfield>
  <controlfield tag="008">240516b        cb ||||| |||| 00| 0 eng d</controlfield>
  <datafield tag="020" ind1=" " ind2=" ">
    <subfield code="a">69780545767286</subfield>
  </datafield>
  <datafield tag="040" ind1=" " ind2=" ">
    <subfield code="a">FISKH</subfield>
    <subfield code="b">eng</subfield>
    <subfield code="c">FISKH</subfield>
    <subfield code="d">FISKH</subfield>
  </datafield>
  <datafield tag="050" ind1=" " ind2=" ">
    <subfield code="a">PZ7 </subfield>
  </datafield>
  <datafield tag="082" ind1=" " ind2=" ">
    <subfield code="a">398.22</subfield>
  </datafield>
  <datafield tag="100" ind1=" " ind2=" ">
    <subfield code="a">Charlesworth, Liza </subfield>
  </datafield>
  <datafield tag="245" ind1=" " ind2=" ">
    <subfield code="a">The three bears : </subfield>
    <subfield code="b">A folk &amp; fairytale reader /</subfield>
    <subfield code="c">Retold by Liza Charlesworth ; illustrated by Ian Smith </subfield>
  </datafield>
  <datafield tag="260" ind1=" " ind2=" ">
    <subfield code="a">New York : </subfield>
    <subfield code="b">Scholastic, </subfield>
    <subfield code="c">2014.</subfield>
  </datafield>
  <datafield tag="300" ind1=" " ind2=" ">
    <subfield code="a">14 pages : </subfield>
    <subfield code="b">color illustrations ; </subfield>
    <subfield code="c">23 cm </subfield>
  </datafield>
  <datafield tag="490" ind1=" " ind2=" ">
    <subfield code="a">Just-Right Leveled Readers </subfield>
  </datafield>
  <datafield tag="505" ind1=" " ind2=" ">
    <subfield code="a">E
</subfield>
  </datafield>
  <datafield tag="520" ind1=" " ind2=" ">
    <subfield code="a">Trois ours pr&#xE9;parent leur d&#xE9;jeuner. Trois ours vont se promener. Une petite fille entre dans leur maison. Ho! Ho! Les livres de la collection Toujours parfait offrent des niveaux adapt&#xE9;s aux besoins sp&#xE9;cifiques de chaque lecteur. Un outil id&#xE9;al pour favoriser la r&#xE9;ussite. Les livres A-B-C sont destin&#xE9;s aux premiers lecteurs; les livres D-E-F, aux lecteurs d&#xE9;butants; et les livres G-H-I, aux lecteurs interm&#xE9;diaires.   Three bears make breakfast. Three bears go out. Then one girl goes in. Uh-oh! This series of books is perfect for beginner readers as they gently progress into independent reading. The nine levelled books ranging from levels A to I allow readers to improve their reading skills as the amount of text increases from one level to the next. Original title: Just Right Leveled Readers: The Three Bears</subfield>
  </datafield>
  <datafield tag="521" ind1="8" ind2=" ">
    <subfield code="a">270
</subfield>
    <subfield code="b">Lexile
</subfield>
  </datafield>
  <datafield tag="521" ind1="8" ind2=" ">
    <subfield code="a">E
</subfield>
    <subfield code="b">Raz-Plus</subfield>
  </datafield>
  <datafield tag="650" ind1=" " ind2=" ">
    <subfield code="a">Fairy Tales </subfield>
    <subfield code="v">Fiction</subfield>
    <subfield code="x">Easy Reader </subfield>
  </datafield>
  <datafield tag="700" ind1=" " ind2=" ">
    <subfield code="a">Smith, Lan </subfield>
    <subfield code="e">Illustrator </subfield>
  </datafield>
  <datafield tag="942" ind1=" " ind2=" ">
    <subfield code="2">ddc</subfield>
    <subfield code="c">BK</subfield>
    <subfield code="n">0</subfield>
  </datafield>
  <datafield tag="999" ind1=" " ind2=" ">
    <subfield code="c">3843</subfield>
    <subfield code="d">3843</subfield>
  </datafield>
  <datafield tag="952" ind1=" " ind2=" ">
    <subfield code="0">0</subfield>
    <subfield code="1">0</subfield>
    <subfield code="2">ddc</subfield>
    <subfield code="4">0</subfield>
    <subfield code="7">0</subfield>
    <subfield code="8">JUVF</subfield>
    <subfield code="a">001</subfield>
    <subfield code="b">001</subfield>
    <subfield code="c">TK Green 7-57-60</subfield>
    <subfield code="d">2024-05-16</subfield>
    <subfield code="l">2</subfield>
    <subfield code="o">CHA 398.22 PZ7</subfield>
    <subfield code="p">FISBK073184</subfield>
    <subfield code="q">2025-07-14</subfield>
    <subfield code="r">2025-06-30 08:18:49</subfield>
    <subfield code="s">2025-06-30</subfield>
    <subfield code="w">2024-05-16</subfield>
    <subfield code="y">BK</subfield>
  </datafield>
</record>
